00479nam a2200157Ia 450000500170000000800410001708200150005810000120007324500210008526000370010630000130014350000470015694200060020395200970020999900150030620250529024203.0240331s9999 xx 000 0 und d a303.6bIVA aIvan, V 0aDemala abiyogaya aColombobRavaya Publishersc1989 a118 p ., aA Study on the ethnic problem in Sri Lanka cL 001040708LaWERCLbWERCLcSSCd2024-03-31l0o 303.6 IVAp1042r2024-03-31w2024-03-31yL c1282d1282